| 000 | 00359pam a2200145a 44500 | ||
|---|---|---|---|
| 008 | 230405s2022 xxu||||| |||| 00| 0 eng d | ||
| 020 | _a9789392242083 | ||
| 082 |
_a610.73 _bARO |
||
| 100 | _aArora,Prerna | ||
| 245 | _aVHS Dictionary for Nurses | ||
| 260 |
_aPanjab _bVision Health Sc. Pub. _c2022 |
||
| 300 | _a890 p. | ||
| 502 | _atext | ||
| 906 | _a004585 | ||
| 999 |
_c252597 _d252597 |
||